/ 3



Barahmasa in India Literatures: (Record no. 18594)

MARC details
000 -LEADER
fixed length control field 00468nam a2200169Ia 4500
003 - CONTROL NUMBER IDENTIFIER
control field RNL
005 - DATE AND TIME OF LATEST TRANSACTION
control field 20250704105321.0
008 - FIXED-LENGTH DATA ELEMENTS--GENERAL INFORMATION
fixed length control field 090707b ii f a fnsan d
020 ## - INTERNATIONAL STANDARD BOOK NUMBER
ISBN 8120801857
040 ## - CATALOGING SOURCE
Original cataloging agency RCL
082 ## - DEWEY DECIMAL CLASSIFICATION NUMBER
Classification number 820.9A V44B
100 ## - MAIN ENTRY--PERSONAL NAME
Personal name Vaudeville, Charlotte
245 ## - TITLE STATEMENT
Title Barahmasa in India Literatures:
Sub Title Songs of the twelve months in Indo-Aryan literatures
260 ## - PUBLICATION, DISTRIBUTION, ETC.
Place of publication Delhi:
Name of publisher Motilal Banarsidass,
Year of publication 1986.
300 ## - PHYSICAL DESCRIPTION
Number of Pages 139p.
942 ## - ADDED ENTRY ELEMENTS (KOHA)
Koha item type Books
Holdings
Full call number Accession Number Cost, replacement price Lost status Damaged status Price effective from Koha item type Not for loan Collection code Withdrawn status Home library Current library Shelving location Date acquired Source of acquisition Cost, normal purchase price
820.9A V44B 38895 70.00     10/02/2018 Books   English Books   RCL RCL General Stacks 10/02/2018 DDC 70.00

Find us on the map

Contact Us

RAMANUJAN COLLEGE UNIVERSITY OF DELHI, KALKAJI, NEW DELHI 110019
library@ramaanujan.du.ac.in
011-35002219
https://library.ramanujancollege.ac.in/
ramanujancollegelibrary
                                 
Customized & Maintained by Department of Library
Visitor Counter